Mots commençant par "B" dans la chanson française - Statistiques

Statistiques générales
  • Ce quiz a été pris 6 074 fois
  • Le résultat moyen est 13 sur 16
Statistiques - réponses
Artiste Titre % Correct
Angèle {Balance} ton quoi
98%
Michel Fugain Une {belle} histoire
98%
Daniel Balavoine Mon fils ma {bataille}
97%
Charles Aznavour (1965) La {Bohème}
96%
Peter & Sloane {Besoin} de rien, envie de toi
94%
Christophe Les mots {bleus}
91%
Bernard Lavilliers Noir et {blanc}
90%
Jean-Jacques Goldman Elle a fait un {bébé} toute seule
87%
Renaud Laisse {béton}
78%
Annie Cordy La {bonne} du curé
76%
Emmanuel Moire {Beau} malheur
74%
Alain Souchon La {Ballade} de Jim
64%
Philippe Lavil Il tape sur des {bambous}
56%
Indochine Canary {Bay}
54%
Téléphone La {Bombe} humaine
54%
Claude Dubois Le Blues du {businessman}
54%
Aucun quiz correspondant
Distribution des résultats
% des personnes avec chaque résultat
Percentile par nombre de réponses
Votre historique - résultats
Vous n’avez pas pris ce quiz